Immigration, employment opportunities, and criminal behavior (Record no. 506214)

000 -LEADER
fixed length control field 00512nam a2200181Ia 4500
008 - FIXED-LENGTH DATA ELEMENTS--GENERAL INFORMATION
fixed length control field 181130s2018 xx 000 0 und d
100 ## - MAIN ENTRY--PERSONAL NAME
Personal name Freedman, Matthew
245 ## - TITLE STATEMENT
Title Immigration, employment opportunities, and criminal behavior
260 ## - PUBLICATION, DISTRIBUTION, ETC.
Date of publication, distribution, etc. 2018
300 ## - PHYSICAL DESCRIPTION
Extent p.117-151.
504 ## - BIBLIOGRAPHY, ETC. NOTE
-- May
650 ## - SUBJECT ADDED ENTRY--TOPICAL TERM
Topical term or geographic name entry element Crime and Criminals
650 ## - SUBJECT ADDED ENTRY--TOPICAL TERM
Topical term or geographic name entry element Employment
650 ## - SUBJECT ADDED ENTRY--TOPICAL TERM
Topical term or geographic name entry element Immigration
700 ## - ADDED ENTRY--PERSONAL NAME
Personal name Owens, Emily and Bohn, Sarah
773 ## - HOST ITEM ENTRY
Main entry heading American Economic Journal: Economic Policy
906 ## - LOCAL DATA ELEMENT F, LDF (RLIN)
a Immigration
Holdings
Withdrawn status Lost status Damaged status Not for loan Permanent Location Current Location Date acquired Serial Enumeration / chronology Barcode Date last seen Price effective from Koha item type
        Indian Institute of Public Administration Indian Institute of Public Administration 2018-12-07 10(2), May, 2018: p.117-151. AR118009 2018-12-07 2018-12-07 Articles

Powered by Koha